000 00313nam a2200133Ia 4500
005 20251222154311.0
008 251222s9999||||xx |||||||||||||| ||spa||
020 _a84-7039-225-5
082 _a868.8/L26A
100 _a"Larra, Mariano José De"
245 0 _aArtículos Varios
250 _a3a.ed.
942 _cLIB
999 _c33394
_d33394